|
|
|
|
| LEADER |
00710nab a2200181 i 4500 |
| 001 |
misc12054 |
| 005 |
20191106141632.0 |
| 008 |
170607s1966 hu o 0|| hun d |
| 022 |
|
|
|a 0025-0260
|
| 040 |
|
|
|a SZTE Miscellanea Repozitórium
|b hun
|
| 041 |
|
|
|a hun
|
| 100 |
1 |
|
|a Ravasz János
|
| 245 |
1 |
0 |
|a Kármán Mórra emlékezünk
|h [elektronikus dokumentum] /
|c Ravasz János
|
| 260 |
|
|
|c 1966
|
| 300 |
|
|
|a 1-8
|
| 490 |
0 |
|
|a Magyar pedagógia : a Magyar Tudományos Akadémia Pedagógiai Bizottságának folyóirata
|v 66 No. 1
|
| 695 |
|
|
|a Kármán Mór, Neveléstörténet magyar 19. sz., Neveléstörténet, Kármán Mór
|
| 856 |
4 |
0 |
|u http://misc.bibl.u-szeged.hu/12054/1/mp_1966_001_4580_001-008.pdf
|z Dokumentum-elérés
|